<?xml version="1.0" encoding="UTF-8"?>
<record
    xmlns:xsi="http://www.w3.org/2001/XMLSchema-instance"
    xsi:schemaLocation="http://www.loc.gov/MARC21/slim http://www.loc.gov/standards/marcxml/schema/MARC21slim.xsd"
    xmlns="http://www.loc.gov/MARC21/slim">

  <leader>01232cam a2200277 a 4500</leader>
  <controlfield tag="001">000007314</controlfield>
  <controlfield tag="005">20200929154129.0</controlfield>
  <controlfield tag="008">930507s1992    ve a     b    001 0dspa  </controlfield>
  <datafield tag="020" ind1=" " ind2=" ">
    <subfield code="a">9802594989</subfield>
  </datafield>
  <datafield tag="040" ind1=" " ind2=" ">
    <subfield code="a">DO-SdBNP</subfield>
    <subfield code="c">DLC</subfield>
    <subfield code="d">DLC</subfield>
  </datafield>
  <datafield tag="082" ind1=" " ind2=" ">
    <subfield code="a">917.72983</subfield>
    <subfield code="b">G643t</subfield>
  </datafield>
  <datafield tag="100" ind1="1" ind2=" ">
    <subfield code="a">Gonz&#xE1;lez-Ripoll Navarro, Ma. Dolores.</subfield>
    <subfield code="9">20329</subfield>
  </datafield>
  <datafield tag="245" ind1="1" ind2="0">
    <subfield code="a">Trinidad :</subfield>
    <subfield code="b">la otra llave de Am&#xE9;rica : descripci&#xF3;n de la isla de Trinidad por Cosme de Churruca y la expedici&#xF3;n del Atlas de la Am&#xE9;rica Septentrional, 1792/1810 /</subfield>
    <subfield code="c">Ma. Dolores Gonz&#xE1;lez-Ripoll Navarro.</subfield>
  </datafield>
  <datafield tag="260" ind1=" " ind2=" ">
    <subfield code="a">Caracas :</subfield>
    <subfield code="b">Lagoven,</subfield>
    <subfield code="c">1992.</subfield>
  </datafield>
  <datafield tag="300" ind1=" " ind2=" ">
    <subfield code="a">103 p. :</subfield>
    <subfield code="b">il. ;</subfield>
    <subfield code="c">21 cm.</subfield>
  </datafield>
  <datafield tag="490" ind1="1" ind2=" ">
    <subfield code="a">Cuadernos Lagoven.</subfield>
    <subfield code="a">Medio milenio</subfield>
  </datafield>
  <datafield tag="500" ind1=" " ind2=" ">
    <subfield code="a">"Descripci&#xF3;n de la isla y golfo de Trinidad": p. 62-96.</subfield>
  </datafield>
  <datafield tag="504" ind1=" " ind2=" ">
    <subfield code="a">Bibliograf&#xED;as: p. 100</subfield>
  </datafield>
  <datafield tag="600" ind1="1" ind2="0">
    <subfield code="a">CHURRUCA Y ELORZA, COSME DAMIAN DE,</subfield>
    <subfield code="d">1761-1805</subfield>
    <subfield code="9">20330</subfield>
  </datafield>
  <datafield tag="651" ind1=" " ind2="4">
    <subfield code="a">Trinidad</subfield>
    <subfield code="x">Descripciones Y Viajes</subfield>
    <subfield code="9">20331</subfield>
  </datafield>
  <datafield tag="650" ind1=" " ind2="4">
    <subfield code="a">Cartografia</subfield>
    <subfield code="x">Historia</subfield>
    <subfield code="9">20332</subfield>
  </datafield>
  <datafield tag="650" ind1=" " ind2="4">
    <subfield code="a">Antillas francesas</subfield>
    <subfield code="y">SIGLO XVIII</subfield>
    <subfield code="9">20333</subfield>
  </datafield>
  <datafield tag="700" ind1="1" ind2="2">
    <subfield code="a">Churruca y Elorza, Cosme Damian de,</subfield>
    <subfield code="d">1761-1805.</subfield>
    <subfield code="t">Descripci&#xF3;n de la isla y golfo de Trinidad.</subfield>
    <subfield code="f">1992.</subfield>
    <subfield code="9">20334</subfield>
  </datafield>
  <datafield tag="830" ind1=" " ind2="0">
    <subfield code="a">Cuadernos Lagoven,</subfield>
    <subfield code="p">Medio milenio</subfield>
    <subfield code="9">6272</subfield>
  </datafield>
  <datafield tag="910" ind1=" " ind2=" ">
    <subfield code="a">Catalogaci&#xF3;n por copia / LC</subfield>
  </datafield>
  <datafield tag="952" ind1=" " ind2=" ">
    <subfield code="0">0</subfield>
    <subfield code="1">0</subfield>
    <subfield code="5">2</subfield>
    <subfield code="7">0</subfield>
    <subfield code="8">MO</subfield>
    <subfield code="a">GR</subfield>
    <subfield code="b">GR</subfield>
    <subfield code="c">CT</subfield>
    <subfield code="d">2009-09-07</subfield>
    <subfield code="i">LF1</subfield>
    <subfield code="l">0</subfield>
    <subfield code="o">917.72983 G643t</subfield>
    <subfield code="p">7314-10</subfield>
    <subfield code="r">2020-06-25</subfield>
    <subfield code="w">2020-06-25</subfield>
    <subfield code="y">2</subfield>
    <subfield code="Z">Pr&#xE9;stamo interno</subfield>
  </datafield>
  <datafield tag="999" ind1=" " ind2=" ">
    <subfield code="c">7095</subfield>
    <subfield code="d">7095</subfield>
  </datafield>
</record>
